<?xml version="1.0" encoding="UTF-8"?>
<record
    xmlns:xsi="http://www.w3.org/2001/XMLSchema-instance"
    xsi:schemaLocation="http://www.loc.gov/MARC21/slim http://www.loc.gov/standards/marcxml/schema/MARC21slim.xsd"
    xmlns="http://www.loc.gov/MARC21/slim">

  <leader>01162nam a22002417a 4500</leader>
  <controlfield tag="008">110810s2002    ua||||| |||| 00| 0 ara d</controlfield>
  <datafield tag="082" ind1=" " ind2=" ">
    <subfield code="2">22</subfield>
    <subfield code="a">291.13</subfield>
    <subfield code="b">&#x643; &#x627; &#x645;</subfield>
  </datafield>
  <datafield tag="100" ind1="1" ind2=" ">
    <subfield code="9">26636</subfield>
    <subfield code="a">&#x643;&#x627;&#x645;&#x628;&#x644; &#x60C; &#x62C;&#x648;&#x632;&#x64A;&#x641;</subfield>
  </datafield>
  <datafield tag="245" ind1=" " ind2=" ">
    <subfield code="a">&#x633;&#x644;&#x637;&#x627;&#x646; &#x627;&#x644;&#x623;&#x633;&#x637;&#x648;&#x631;&#x629; /</subfield>
    <subfield code="c">&#x62C;&#x648;&#x632;&#x64A;&#x641; &#x643;&#x627;&#x645;&#x628;&#x644; &#x60C; &#x628;&#x64A;&#x644; &#x645;&#x648;&#x64A;&#x631;&#x632; &#x61B; &#x62A;&#x62D;&#x631;&#x64A;&#x631; &#x628;&#x62A;&#x649; &#x633;&#x648;&#x641;&#x644;&#x627;&#x648;&#x631;&#x632; &#x61B; &#x62A;&#x631;&#x62C;&#x645;&#x629; &#x628;&#x62F;&#x631; &#x627;&#x644;&#x62F;&#x64A;&#x628;</subfield>
  </datafield>
  <datafield tag="260" ind1=" " ind2=" ">
    <subfield code="a">&#x627;&#x644;&#x642;&#x627;&#x647;&#x631;&#x629; :</subfield>
    <subfield code="b">&#x627;&#x644;&#x645;&#x62C;&#x644;&#x633; &#x627;&#x644;&#x623;&#x639;&#x644;&#x649; &#x644;&#x644;&#x62B;&#x642;&#x627;&#x641;&#x629; &#x60C;</subfield>
    <subfield code="c">2002.</subfield>
  </datafield>
  <datafield tag="300" ind1=" " ind2=" ">
    <subfield code="a">352 &#x635; &#x61B;</subfield>
    <subfield code="c">24 &#x633;&#x645;.</subfield>
  </datafield>
  <datafield tag="490" ind1=" " ind2="0">
    <subfield code="9">21233</subfield>
    <subfield code="a">&#x627;&#x644;&#x645;&#x634;&#x631;&#x648;&#x639; &#x627;&#x644;&#x642;&#x648;&#x645;&#x649; &#x644;&#x644;&#x62A;&#x631;&#x62C;&#x645;&#x629;</subfield>
    <subfield code="n">362</subfield>
  </datafield>
  <datafield tag="504" ind1=" " ind2=" ">
    <subfield code="a">&#x64A;&#x634;&#x62A;&#x645;&#x644; &#x639;&#x644;&#x649; &#x625;&#x631;&#x62C;&#x627;&#x639;&#x627;&#x62A; &#x628;&#x628;&#x644;&#x64A;&#x648;&#x62C;&#x631;&#x627;&#x641;&#x64A;&#x629; </subfield>
  </datafield>
  <datafield tag="650" ind1=" " ind2=" ">
    <subfield code="9">26640</subfield>
    <subfield code="a">&#x627;&#x644;&#x627;&#x633;&#x627;&#x637;&#x64A;&#x631;</subfield>
  </datafield>
  <datafield tag="650" ind1=" " ind2=" ">
    <subfield code="9">26641</subfield>
    <subfield code="a">&#x627;&#x644;&#x627;&#x633;&#x627;&#x637;&#x64A;&#x631; &#x627;&#x644;&#x62F;&#x64A;&#x646;&#x64A;&#x629;</subfield>
  </datafield>
  <datafield tag="650" ind1=" " ind2=" ">
    <subfield code="9">26642</subfield>
    <subfield code="a">&#x627;&#x644;&#x645;&#x624;&#x631;&#x62E;&#x648;&#x646; &#x627;&#x644;&#x627;&#x645;&#x631;&#x64A;&#x643;&#x64A;&#x648;&#x646;</subfield>
    <subfield code="x">&#x645;&#x642;&#x627;&#x628;&#x644;&#x627;&#x62A;</subfield>
  </datafield>
  <datafield tag="653" ind1=" " ind2=" ">
    <subfield code="b">General</subfield>
    <subfield code="c">August2011</subfield>
  </datafield>
  <datafield tag="700" ind1=" " ind2=" ">
    <subfield code="9">26637</subfield>
    <subfield code="a">&#x645;&#x648;&#x64A;&#x631;&#x632; &#x60C; &#x628;&#x64A;&#x644;</subfield>
  </datafield>
  <datafield tag="700" ind1=" " ind2=" ">
    <subfield code="9">26638</subfield>
    <subfield code="a">&#x633;&#x648;&#x641;&#x644;&#x627;&#x648;&#x631;&#x632; &#x60C; &#x628;&#x62A;&#x649;</subfield>
    <subfield code="e">&#x62A;&#x62D;&#x631;&#x64A;&#x631;</subfield>
  </datafield>
  <datafield tag="700" ind1=" " ind2=" ">
    <subfield code="9">26639</subfield>
    <subfield code="a">&#x627;&#x644;&#x62F;&#x64A;&#x628; &#x60C; &#x628;&#x62F;&#x631;</subfield>
    <subfield code="e">&#x62A;&#x631;&#x62C;&#x645;&#x629;</subfield>
  </datafield>
  <datafield tag="942" ind1=" " ind2=" ">
    <subfield code="2">ddc</subfield>
    <subfield code="c">BB</subfield>
  </datafield>
  <datafield tag="999" ind1=" " ind2=" ">
    <subfield code="c">15805</subfield>
    <subfield code="d">15805</subfield>
  </datafield>
  <datafield tag="952" ind1=" " ind2=" ">
    <subfield code="0">0</subfield>
    <subfield code="1">0</subfield>
    <subfield code="2">ddc</subfield>
    <subfield code="4">0</subfield>
    <subfield code="7">0</subfield>
    <subfield code="8">Alef-Baa</subfield>
    <subfield code="a">MAIN</subfield>
    <subfield code="b">MAIN</subfield>
    <subfield code="c">LOW</subfield>
    <subfield code="d">2011-08-10</subfield>
    <subfield code="o">291.13 &#x643; &#x627; &#x645;</subfield>
    <subfield code="p">000023957</subfield>
    <subfield code="r">2025-07-15 00:00:00</subfield>
    <subfield code="y">BB</subfield>
  </datafield>
</record>
